000 00613 a2200229 4500
260 _aParis
630 _a91 - Geographie. exploration de la terre, des diverses regions, des divers pays. Voyages. Geographie regionale
037 _b1, CIUF
650 _a9 - GEOGRAPHIE ET HISTOIRE
100 _aChamley, Hervé
260 _bEd. Vuibert
245 _aEnvironnements géologiques et activités humaines
300 _a512p
650 _aEnvironnement : Protection
260 _c2002
300 _b24 cm
100 _lFr
037 _a07/178
020 _a2-7117-5284-4
999 _c45512
_d45512